[Event "CHN-ch Blitz Open 2018"]
[Site "Tianjin"]
[Date "2018.06.08"]
[Round "9.12"]
[White "Chu, Wei Chao"]
[Black "Zhao, Zhouqiao Chn"]
[Result "1-0"]
[WhiteElo "2297"]
[BlackElo "2294"]
[Annotator "TA"]
[PlyCount "62"]
[EventDate "2018.06.07"]
[EventType "blitz"]
[EventRounds "9"]
[EventCountry "CHN"]
[SourceTitle "playchess.com"]
[Source "ChessBase"]
[SourceQuality "1"]

{[%evp 9,62,41,73,20,71,71,73,36,39,10,85,81,107,114,110,107,121,110,201,209,249,246,261,233,399,395,496,490,453,410,630,549,648,487,505,518,522,515,518,514,506,499,569,563,574,562,548,543,690,656,623,579,926,923,898]} 1. d4 d5 2. c4 dxc4 3. e4 Nf6 4. Nc3 e6 5. Bxc4 a6 6. a4 {D20: Queen's Gambit Accepted: 3 e3 and 3 e4} ({White should try} 6. e5 $16 Nd5 7. Nge2) (6. Bg5 Be7 7. a4 h6 8. Be3 b6 9. e5 Nd5 10. Nxd5 exd5 11. Bd3 O-O 12. Ne2 f6 13. exf6 Bxf6 {1-0 (54) Raznikov,D (2500)-Vesely,L (2207) Pardubice 2015}) 6... b6 (6... c5 $11) 7. Nf3 $16 Bb7 8. Qe2 {White is better.} Bb4 9. Bd3 $146 ({Predecessor:} 9. e5 Nd5 10. Bd2 Ne7 11. Rd1 Bc6 12. O-O h6 13. Ne1 Nf5 14. d5 Nd4 15. Qg4 exd5 16. Nxd5 Bxd2 17. Qxg7 Rf8 18. Nf6+ Ke7 19. Rxd2 Nf3+ 20. Nxf3 {1-0 (20) Gumula,D (2099)-Brodowski,P (2231) Brody Ilzeckie 2003}) 9... h6 (9... c5 $11 {remains equal.} 10. d5 exd5 11. exd5+ Qe7) 10. O-O Nbd7 11. Rd1 Be7 12. h3 Qc8 13. Bf4 Kf8 (13... O-O $16) 14. Rac1 $18 c5 15. d5 exd5 16. exd5 g5 $2 {[#]} (16... Nxd5 17. Bg3 (17. Nxd5 Bxd5 18. a5 bxa5 $14) 17... Bc6) 17. Bh2 Bd8 18. Bf5 Kg7 19. Qd2 Re8 (19... Bc7 $142 20. d6 Bd8) 20. Re1 {White is clearly winning.} Be7 21. Ne5 Qd8 {intending ...Nxe5.} 22. Nc6 Bxc6 23. dxc6 Nf8 24. Qxd8 Bxd8 25. c7 Bxc7 26. Bxc7 b5 27. axb5 axb5 28. Nxb5 Nd5 29. Be5+ f6 30. Nc7 Rxe5 31. Rxe5 fxe5 {Precision: White = 67%, Black = 26%.} 1-0

[Event "CHN-ch Blitz Open 2018"]
[Site "Tianjin"]
[Date "2018.06.08"]
[Round "9.13"]
[White "Zhou, Jianchao"]
[Black "Ye, Rongguang"]
[Result "1-0"]
[WhiteElo "2591"]
[BlackElo "2415"]
[Annotator "TA"]
[PlyCount "138"]
[EventDate "2018.06.07"]
[EventType "blitz"]
[EventRounds "9"]
[EventCountry "CHN"]
[SourceTitle "playchess.com"]
[Source "ChessBase"]
[SourceQuality "1"]

{[%evp 15,138,29,50,47,98,93,99,91,95,95,86,79,79,79,75,77,75,79,66,72,78,59,78,78,109,109,109,109,100,114,124,119,171,166,197,191,218,217,219,218,218,206,187,138,126,90,90,90,90,90,90,90,90,90,87,87,89,90,90,90,154,102,408,408,736,736,725,698,651,601,991,979,823,823,1023,1008,1046,1020,938,921,895,881,2073,1904,5570,2409,29978,1014,29979,29980,29980,29981,29978,981,29973,956,5815,29971,6027,6112,5006,2751,29978,29979,29979,29980,29980,29981,29993,29989,29991,29991,29991,29987,29987,29988,29988,29989,29995,29990,29996,29997,29998,29999,29999]} 1. c4 c6 2. Nf3 d5 3. e3 Nf6 4. Nc3 g6 5. d4 Bg7 6. Be2 O-O 7. O-O a6 8. a4 Bf5 {LiveBook: 3 Games. D94: Grünfeld: 4 Nf3 Bg7 5 e3} (8... a5 9. cxd5 cxd5 10. b3 Bg4 11. Ne1 Bxe2 12. Qxe2 Qb6 13. Nb5 {½-½ (13) Khalifman,A (2614)-Kamsky,G (2677) Moscow 2018}) 9. Qb3 Qc8 $146 (9... b6 $14) ({Predecessor:} 9... Bc8 10. Bd2 dxc4 11. Bxc4 e6 12. a5 Nd5 13. Na4 Nd7 14. e4 Nc7 15. Rfd1 Nb5 16. d5 cxd5 17. exd5 {½-½ (36) Vidit,S (2549)-Deshmukh,A (2254) Pune 2013}) 10. cxd5 $16 cxd5 {White is better.} 11. Nxd5 Nxd5 12. Qxd5 Nc6 13. Bd2 e5 14. dxe5 ({Stronger than} 14. Nxe5 Bxe5 15. Bc3 (15. dxe5 $2 Rd8 $19) 15... Bb8 $17) 14... Rd8 15. Qb3 Nxe5 16. Rac1 Qe6 17. Qxe6 Bxe6 18. Ba5 Rd5 19. Bc3 Nd3 20. Bxd3 Rxd3 {[#]} 21. Bxg7 $1 Kxg7 22. Nd4 Bb3 23. Rc7 b5 (23... b6 $16 {was necessary.}) 24. a5 $18 Bc4 25. Rc1 Rd8 26. h4 Rd6 27. Rb7 h5 28. Rb6 Rf6 29. Rxf6 Kxf6 {[%mdl 4096] Endgame KRB-KRN} 30. b3 Bxb3 31. Rc6+ Kg7 32. Rxa6 Bc4 33. Rb6 Ra3 34. Nc6 Bd5 35. Nb4 Bc4 36. a6 Ra4 37. Nc6 Ra1+ 38. Kh2 Ra2 $2 {[%mdl 8192] [#]} (38... Ra4 $16 39. e4 Be6) 39. a7 Bd5 (39... b4 $142 40. Rb8 b3) 40. Nb4 Rxa7 41. Nxd5 {KRN-KR} Ra2 42. Kg3 Ra4 43. Rxb5 Rg4+ 44. Kh3 Rc4 45. Rb7 Rc5 46. e4 {[%cal Be3e4,Be4e5][%mdl 32]} Rc2 47. f3 {[%cal Bf2f3,Bf3f4][%mdl 32]} Rc1 48. Kg3 Rc2 49. e5 Re2 50. f4 Kf8 51. Rb8+ Kg7 52. Nf6 Re3+ 53. Kf2 Ra3 54. Rg8+ Kh6 55. Ne4 (55. Ne8 $142 Ra2+ 56. Kg3 Kh7 57. Rg7+ Kh6 58. Rxf7 Rd2 59. e6 Rd3+ 60. Kh2) 55... Ra4 56. Ke3 Ra3+ 57. Kd4 Ra2 58. Ng5 Rxg2 59. Rh8+ {White mates.} Kg7 60. Rh7+ Kg8 61. Rxf7 Rg4 62. Rf6 Rxh4 63. Rxg6+ Kf8 64. Ke4 Rh1 65. f5 Re1+ 66. Kd5 Rf1 67. f6 Rd1+ 68. Ke6 h4 69. Nh7+ Ke8 {Precision: White = 88%, Black = 44%.} 1-0

[Event "CHN-ch Blitz Open 2018"]
[Site "Tianjin"]
[Date "2018.06.08"]
[Round "9.14"]
[White "Lou, Yiping"]
[Black "Xiang, Zeyu"]
[Result "1-0"]
[WhiteElo "2419"]
[BlackElo "2293"]
[Annotator "TA"]
[PlyCount "137"]
[EventDate "2018.06.07"]
[EventType "blitz"]
[EventRounds "9"]
[EventCountry "CHN"]
[SourceTitle "playchess.com"]
[Source "ChessBase"]
[SourceQuality "1"]

{[%evp 16,137,24,5,37,23,27,30,71,0,23,10,58,55,55,38,35,33,45,20,37,28,29,0,31,22,30,21,59,57,73,19,54,52,70,78,72,69,69,40,36,23,40,8,181,185,204,204,260,8,547,546,517,497,435,296,435,435,435,435,435,435,435,281,435,435,435,435,428,428,610,610,610,435,435,435,665,640,633,618,582,569,562,562,467,435,366,0,577,435,670,656,629,614,522,90,470,90,90,90,90,90,93,93,664,655,638,570,491,448,1252,1092,29971,29973,29971,29975,29979,29980,29980,29981,29981,29982,29983,29984]} 1. d4 d5 2. c4 e6 3. Nc3 Nf6 4. cxd5 Nxd5 5. e4 Nxc3 6. bxc3 c5 7. a3 g6 {D35: Queen's Gambit Declined: Exchange Variation} 8. Nf3 Bg7 9. h4 {LiveBook: 3 Games} h6 $146 {The position is equal.} ({Predecessor:} 9... Nc6 10. Be3 Qa5 11. Qd2 cxd4 12. cxd4 Qxd2+ 13. Kxd2 O-O 14. Bb5 Bd7 15. Rhd1 {1-0 (66) Nakamura,H (2786)-Kramnik,V (2793) London 2013}) 10. Bd3 Nc6 {[%cal Rc5d4]} 11. Be3 Qa5 {Hoping for ...cxd4.} 12. Bd2 (12. O-O $1 $16) 12... Qc7 13. e5 Qd8 {[%cal Rc5d4]} 14. Be3 Ne7 15. Be4 cxd4 16. cxd4 Nd5 17. Bd2 Bd7 18. Bxd5 exd5 19. Qb3 O-O (19... Qb6 $5 {[%cal Rb6b3]} 20. Qxd5 Bc6 $11) 20. Qxb7 Bg4 21. Qb3 Rb8 22. Qe3 Re8 23. Bb4 (23. O-O $16) 23... f6 24. O-O Bxf3 25. Qxf3 {aiming for Bd6.} fxe5 26. dxe5 Bxe5 27. Rad1 d4 28. Qg4 Qf6 29. f4 Bd6 $2 (29... h5 $11 30. Qf3 Bc7) 30. Bxd6 $1 $18 Qxd6 31. f5 d3 32. fxg6 $2 $40 {[%mdl 128] Black needs to defend precisely.} (32. Qc4+ $18 Kh8 33. Rxd3 (33. Qxd3 Qxd3 34. Rxd3 Rb6 $16)) 32... Rf8 $2 {[%mdl 8192]} (32... Rbd8 $1 $11 {and Black has nothing to worry.}) 33. Qc4+ Kh8 34. Qc3+ Kg8 35. Qxd3 Rxf1+ (35... Qxd3 {keeps fighting.} 36. Rxd3 Rfd8) 36. Qxf1 {[%mdl 4096] Endgame Qf7+ would kill now. KQR-KQR} Qb6+ 37. Kh1 {Threatening mate with Qf7+.} Qxg6 38. Qc4+ Kh8 39. Qd4+ Qg7 (39... Kg8 $142 40. Qxa7 Rb1 41. Qa8+ Kg7 42. Rxb1 Qxb1+ 43. Kh2 Qb6) 40. Qxg7+ Kxg7 {KR-KR} 41. Rd7+ Kg6 42. Rxa7 Kh5 (42... h5 $142 43. a4 Rb1+ 44. Kh2 Rb4) 43. Ra4 $1 Rb3 44. Kh2 Rc3 45. g3 Rc2+ (45... Rc1 $142 46. Rb4 Kg6) 46. Kh3 Rc3 47. Ra5+ Kg6 48. Kg4 Rc4+ 49. Kf3 $1 Rc3+ 50. Kg2 Rc2+ 51. Kh3 (51. Kg1 $142) 51... Rc3 $1 52. a4 Ra3 (52... h5 $142 53. Rg5+ Kh6) 53. Kg4 Rc3 54. Ra6+ Kg7 55. Kf5 $2 (55. a5 $18) 55... Rxg3 $2 {[%mdl 8192]} (55... Rf3+ $16 56. Kg4 Rb3) 56. Re6 $2 (56. Ra7+ $18 {has better winning chances.} Kf8 57. a5) 56... Rf3+ $16 {[#]} 57. Kg4 $1 {[%cal Rg4f3]} Ra3 58. Re4 Kg6 59. Kf4 Rh3 $2 {[%mdl 8192] [#]} (59... Kf6 $16 60. Rc4 Ke7) 60. Ke5 $1 $18 Ra3 61. Kd5 Kf5 62. Rb4 h5 (62... Re3 $142 63. Kc5 Re5+ 64. Kc6 Re6+ 65. Kd7 Ra6) 63. Kc6 Rg3 64. a5 {[%cal Ba4a5,Ba5a6,Ba6a7][%mdl 32] White mates.} Rg6+ 65. Kb5 Rg1 66. a6 Ra1 67. Kb6 Re1 68. a7 Re8 69. Ra4 {Precision: White = 52%, Black = 32%.} 1-0